Computer applications in hydraulic engineering / (Record no. 8303)
[ view plain ]
| 000 -LEADER | |
|---|---|
| fixed length control field | 00752cam a22002172 4500 |
| 001 - CONTROL NUMBER | |
| control field | 0000012760 |
| 005 - DATE AND TIME OF LATEST TRANSACTION | |
| control field | 20151217152113.0 |
| 008 - FIXED-LENGTH DATA ELEMENTS--GENERAL INFORMATION | |
| fixed length control field | 090319s xx 000 0 eng d |
| 020 ## - INTERNATIONAL STANDARD BOOK NUMBER | |
| International Standard Book Number | 0965758079 : |
| 040 ## - CATALOGING SOURCE | |
| Original cataloging agency | KAABU |
| Transcribing agency | KABU |
| 245 10 - TITLE STATEMENT | |
| Title | Computer applications in hydraulic engineering / |
| Statement of responsibility, etc. | Haestad Methods Engineering staff, Michael E. Meadows, Thomas M. Walski. |
| 250 ## - EDITION STATEMENT | |
| Edition statement | 4th ed. |
| 260 ## - PUBLICATION, DISTRIBUTION, ETC. (IMPRINT) | |
| Place of publication, distribution, etc. | Waterbury, CT. : |
| Name of publisher, distributor, etc. | Haestad Press, |
| Date of publication, distribution, etc. | 2001. |
| 300 ## - PHYSICAL DESCRIPTION | |
| Extent | viii, 360 p. + |
| Accompanying material | 1 CD-ROM. |
| 650 #0 - SUBJECT ADDED ENTRY--TOPICAL TERM | |
| Topical term or geographic name as entry element | Hydraulic engineering |
| General subdivision | Data processing. |
| -- | 0000169662 |
| 700 1# - ADDED ENTRY--PERSONAL NAME | |
| Personal name | Meadows, Michael E. |
| -- | 0000169663 |
| 700 1# - ADDED ENTRY--PERSONAL NAME | |
| Personal name | Walski, Thomas M. |
| -- | 0000169664 |
| 852 1# - LOCATION | |
| -- | p300 KES |
| 908 ## - PUT COMMAND PARAMETER (RLIN) | |
| Put command parameter | 090319 |
| 950 ## - LOCAL HOLDINGS (RLIN) | |
| -- | 1 |
| Withdrawn status | Lost status | Source of classification or shelving scheme | Not for loan | Home library | Current library | Date acquired | Total Checkouts | Full call number | Barcode | Date last seen | Price effective from | Koha item type |
|---|---|---|---|---|---|---|---|---|---|---|---|---|
| Library of Congress Classification | Kabarak, Main Campus | Kabarak, Main Campus | 17/12/2015 | TC157.8 .C66 2001 c. 1 | 17280 | 17/12/2015 | 17/12/2015 | General Collection |